[Event "29. DSenEM 2017 Gruppe B"]
[Site "?"]
[Date "2017.08.11"]
[Round "4.2"]
[White "Kuenitz, Bernhard"]
[Black "Zotin, Vladimir"]
[Result "1/2-1/2"]
[WhiteElo "1864"]
[BlackElo "1886"]
[PlyCount "95"]
[EventDate "2017.??.??"]

1. c4 Nf6 2. Nc3 g6 3. g3 Bg7 4. Bg2 O-O 5. d4 c5 6. Nf3 cxd4 7. Nxd4 Nc6 8.
Nxc6 bxc6 9. O-O Ba6 10. b3 d5 11. Rb1 e6 12. cxd5 cxd5 13. Ba3 Re8 14. Bb2 Rc8
15. Re1 Qa5 16. Qd2 d4 17. Ne4 Qxd2 18. Nxd2 Rc2 19. Nf3 e5 20. Rec1 Rxc1+ 21.
Rxc1 Bxe2 22. Rc7 Bxf3 23. Bxf3 e4 24. Bd1 e3 25. fxe3 dxe3 26. Be2 Nd5 27. Rc5
Bxb2 28. Rxd5 Re6 29. Rd1 Rf6 30. Rf1 Kg7 31. Rxf6 Kxf6 32. Bc4 h5 33. Kg2 g5
34. Kf3 Bd4 35. a4 Kg6 36. b4 f5 37. h3 Kf6 38. b5 Bb6 39. a5 Bxa5 40. Kxe3 Ke5
41. Bf7 g4 42. Bxh5 gxh3 43. Be8 Bb6+ 44. Kf3 h2 45. Kg2 Bg1 46. Bc6 Kd6 47.
Be8 Ke5 48. Bc6 1/2-1/2

[Event "29. DSenEM 2017 Gruppe B"]
[Site "?"]
[Date "2017.08.11"]
[Round "5.1"]
[White "Bieberle, Gerhart"]
[Black "Kuenitz, Bernhard"]
[Result "1/2-1/2"]
[WhiteElo "1943"]
[BlackElo "1864"]
[PlyCount "32"]
[EventDate "2017.??.??"]

1. d4 e6 2. c4 d5 3. cxd5 exd5 4. Nf3 Nf6 5. Nc3 h6 6. g3 c6 7. Bg2 Bd6 8. O-O
O-O 9. Re1 Re8 10. a3 Bf5 11. Bd2 Nbd7 12. e3 Ne4 13. Nh4 Bh7 14. Nxe4 dxe4 15.
Bf1 g5 16. Ng2 Bg6 1/2-1/2

[Event "29. DSenEM2017-Gruppe-B"]
[Site "?"]
[Date "2017.08.13"]
[Round "6.5"]
[White "Kuenitz, Bernhard"]
[Black "Mueller, Johannes"]
[Result "1-0"]
[WhiteElo "1864"]
[BlackElo "1802"]
[PlyCount "98"]
[EventDate "2017.??.??"]

1. c4 e6 2. Nc3 d5 3. cxd5 exd5 4. d4 f5 5. Bf4 c6 6. e3 Nf6 7. Bd3 Bd6 8. Bxd6
Qxd6 9. Nf3 O-O 10. Ne5 Nbd7 11. f4 Ne4 12. Qb3 Nxc3 13. Qxc3 a5 14. O-O Nf6
15. Rae1 Qb4 16. Rc1 Ne4 17. Bxe4 fxe4 18. a3 Qxc3 19. bxc3 a4 20. Rb1 Rf6 21.
Rb6 Kf8 {(=)} 22. Rfb1 Ra7 23. g4 Ke7 24. g5 Rd6 25. h4 g6 26. Kf2 Ra5 27. Rh1
c5 28. Rhb1 cxd4 29. cxd4 Ra6 30. R6b5 b6 31. Rc1 Bd7 32. Rc7 Kd8 33. Rxd7+
Rxd7 34. Nxd7 Kxd7 35. Rxd5+ Kc6 36. Re5 Ra7 37. Rxe4 Kd5 38. Re5+ Kc4 39. Ke2
Rc7 40. d5 Kb3 41. d6 Rc6 42. Rd5 Rxd6 43. Rxd6 b5 44. Rd3+ Kc4 45. h5 b4 46.
Rd4+ Kb3 47. Rxb4+ Kxa3 48. Rb7 Ka2 49. Rxh7 Ka3 1-0

[Event "29. DSenEM2017-Gruppe-B"]
[Site "?"]
[Date "2017.08.14"]
[Round "7.1"]
[White "Scholz, Herbert"]
[Black "Kuenitz, Bernhard"]
[Result "1/2-1/2"]
[WhiteElo "1814"]
[BlackElo "1864"]
[PlyCount "26"]
[EventDate "2017.??.??"]

1. b3 e5 2. Bb2 d5 3. e3 Nf6 4. c4 Be7 5. Nc3 Nc6 6. Nf3 Bf5 7. a3 h6 8. d4
exd4 9. Nxd4 Nxd4 10. Qxd4 c5 11. Qd2 O-O 12. Bd3 Bxd3 13. Qxd3 Qb6 1/2-1/2

[Event "29. DSenEM2017-Gruppe-B"]
[Site "?"]
[Date "2017.??.??"]
[Round "?"]
[White "Künitz"]
[Black "Supplieth"]
[Result "1-0"]
[WhiteElo "1864"]
[BlackElo "1927"]
[PlyCount "81"]
[EventDate "2017.??.??"]

1. c4 Nf6 2. Nc3 e5 3. d3 c6 4. Nf3 d6 5. g3 Be6 6. Bg2 Be7 7. O-O Nbd7 8. Rb1
O-O 9. b4 d5 10. Ng5 Bf5 11. e4 dxe4 12. Ngxe4 Nxe4 13. dxe4 Be6 14. c5 Nf6 15.
Qc2 Qc7 16. Rd1 Rfd8 17. Bb2 Rd4 18. Rxd4 exd4 19. Ne2 Bxa2 20. Ra1 Be6 21.
Nxd4 Bg4 22. f3 Bd7 23. Ne2 a6 24. Bd4 Rd8 25. Be3 Qc8 26. Nf4 h6 27. e5 Bf5
28. Qe2 Nh7 29. g4 g5 30. gxf5 gxf4 31. Bxf4 Qxf5 32. Bxh6 Rd4 33. Qf2 Rxb4 34.
Rf1 Qg6 35. Be3 Ng5 36. Kh1 Ne6 37. Rg1 Kh7 38. f4 Qf5 39. Qf3 Rb1 40. Bf1 a5 {
[#]} 41. Bd3 1-0

[Event "29. DSenEM2017-Gruppe-B"]
[Site "?"]
[Date "2017.08.16"]
[Round "9.2"]
[White "Klein, Reinhard"]
[Black "Kuenitz, Bernhard"]
[Result "1-0"]
[WhiteElo "1882"]
[BlackElo "1864"]
[PlyCount "63"]
[EventDate "2017.??.??"]

1. d4 e6 2. Nf3 d5 3. Bf4 Nf6 4. e3 Bd6 5. Ne5 Nbd7 6. Nd2 Nf8 7. c4 Ng6 8. Bg3
Bxe5 9. dxe5 Nd7 10. Nf3 c6 11. Qd2 O-O 12. Bd3 dxc4 13. Bxc4 Nb6 14. Bd3 Qd5
15. e4 Qc5 16. Rc1 Qe7 17. b3 Rd8 18. O-O Bd7 19. Qc3 Be8 20. h4 h5 21. a4 Nc8
22. Ng5 Nf8 23. f4 f6 24. exf6 Qxf6 25. e5 Qe7 26. f5 exf5 27. Bc4+ Kh8 28.
Rxf5 Nb6 29. Nf7+ Kg8 30. Nxd8+ Nxc4 31. Qxc4+ Kh7 32. Nf7 1-0

[Event "29.DSenEM2017-Gruppe-A"]
[Site "?"]
[Date "2017.08.16"]
[Round "9.1"]
[White "Rotstein, Jefim"]
[Black "Schmidt, Bodo"]
[Result "1-0"]
[WhiteElo "2310"]
[BlackElo "2331"]
[PlyCount "153"]
[EventDate "2017.??.??"]

1. Nf3 d5 2. g3 Bg4 3. Bg2 Nd7 4. d4 e6 5. O-O Bd6 6. Nbd2 Ngf6 7. Re1 Bf5 8.
Nh4 Bg4 9. c4 c6 10. Qb3 Qb6 11. c5 Qxb3 12. Nxb3 Bc7 13. f3 Bh5 14. e4 O-O-O
15. e5 Ng8 16. g4 Bg6 17. Nxg6 hxg6 18. Bd2 b6 19. Bf1 Kb7 20. a4 bxc5 21.
Nxc5+ Nxc5 22. dxc5 Ne7 23. b4 d4 24. b5 Rd5 25. f4 g5 26. Bg2 {In der
Eröffnung sieht es so aus, als wolle Rotstein seinen Gegner einfach
überrennen. Schmidt muss hier offensichtlich die Qualität geben, macht es
allerdings in der falschen Ausführung [#]} Rhd8 $6 (26... gxf4 $142 27. bxc6+
Kxc6 28. Bxf4 Kd7 29. c6+ Kxc6 30. Bg3 $14) 27. Bxd5 (27. fxg5 $1) 27... Rxd5
28. fxg5 Ng6 29. Rf1 Rd7 30. b6 $2 {Danach kann Schwarz sich konsolidieren.} (
30. Rae1 $1 $18 Bxe5 $6 31. h4) 30... axb6 31. Rab1 b5 32. axb5 cxb5 33. Rxb5+
Kc6 34. Rb3 Bxe5 35. Rc1 Bc7 36. Ra3 e5 37. Ra6+ Kd5 38. c6 Rd8 39. Ba5 Rc8 40.
Kf2 Nf4 41. Rb1 Nd3+ 42. Kg3 Nc5 43. Ra7 Bxa5 44. Rxa5 Rxc6 {Nach der
Zeitkontrolle hatte Bodo sich wieder gut erholt. Ich war mir ziemlich sicher,
dass Rotstein diese Stellung nicht gewinnt und ging mit Familie Künitz Kaffee
trinken, in der Gewissheit, dass mir der geteilte erste Platz so gut wie
sicher ist und alles auf die Wertung ankäme. Der Kaffee war lecker, die
Partie am Spitzenbrett noch nicht entschieden und als ich durch die
Menschentraube einen Blick auf das Brett ergattern konnte, wollte ich meinen
Augen nicht trauen:[#]} 45. h4 d3 46. h5 Kd4 47. Ra7 Ne4+ 48. Kh4 Rc2 49. Rh1
Nf2 50. Rh2 Ke3 51. h6 gxh6 52. gxh6 e4 53. Rxf7 d2 54. Rfxf2 d1=Q 55. Rxc2
Qe1+ 56. Kh5 Qa5+ 57. g5 Qf5 58. Rce2+ Kd4 59. Ref2 Qe5 60. h7 e3 61. Rfg2 Kd3
62. Kh6 Qd6+ 63. g6 Qf4+ 64. Kh5 Qe5+ 65. Kh4 Qg7 66. Rh3 Qh6+ 67. Kg3 Qg5+ 68.
Kh2 Qe5+ 69. Kh1 Qa1+ 70. Rg1 Qa8+ 71. Kh2 Qb8+ 72. Rhg3 Qb2+ 73. Kh3 Qg7 74.
Re1 {[#]Weiß steht total auf Gewinn, wenige Züge später war es vorbei und
Jefim Rotstein Deutscher Seniorenmeister.} Kd2 75. Rexe3 Qh6+ 76. Kg2 Qg7 77.
Re8 {(Zeit)} 1-0

[Event "SEN Werder-Findorff2(   )"]
[Site "?"]
[Date "2017.08.28"]
[Round "1"]
[White "Jung, Gerald"]
[Black "Wardenberg, Manfred"]
[Result "1-0"]
[WhiteElo "1894"]
[BlackElo "1602"]
[Annotator "Komodo 8 64-bit (77s)"]
[PlyCount "67"]
[EventDate "2017.??.??"]

{[%mdl 8192] C29: Wiener Partie} 1. Nc3 Nf6 2. e4 e5 3. f4 (3. Nf3 Bc5 $5 {
Stockfish 8:1)} 4. Nxe5 ({Stockfish 8:2)} 4. Na4 Nxe4 5. Nxc5 Nxc5 6. Nxe5 Qe7
7. Qe2 O-O 8. Nf3 Ne6 9. d4 d5 10. Be3 b6 11. h4 Ba6 12. Qd2 Bxf1 13. Kxf1 Qd7
14. Qd3 f6 15. h5 Nc6 16. c3 Rae8 17. Nh4 Ng5 18. f3 Ne6 19. Nf5 Ne7 20. Kf2
Ng5 21. Nh4 Ne6 22. Nf5 {[%eval 0,48]}) ({Stockfish 8:3)} 4. Bc4 d6 5. O-O O-O
6. h3 a5 7. a4 h6 8. d3 Nc6 9. Rb1 Bd7 10. Ne2 Nh5 11. c3 Bb6 12. Qb3 Qf6 13.
Be3 Bxe3 14. fxe3 Nd8 15. g4 Qg6 16. Kh1 Nf6 17. Ng3 b6 18. Nf5 Re8 19. N3h4
Qg5 20. Nf3 Qg6 {[%eval 0,48]}) 4... Bd4 (4... O-O {Stockfish 8:} 5. d4 Bb4 6.
Bg5 h6 7. Bxf6 Qxf6 8. Qf3 $16 Qxf3 9. gxf3 Nc6 10. Nxc6 bxc6 11. O-O-O Rb8 12.
h4 Rd8 13. f4 Bf8 14. Be2 d5 15. f3 f5 16. a3 dxe4 17. fxe4 fxe4 18. Nxe4 Be6
19. Nc5 Bf5 20. Bc4+ Kh8 21. Ne6 Bxe6 22. Bxe6 c5 23. dxc5 Bxc5 $13 24. f5 Be3+
25. Kb1 Bc5 26. Rxd8+ Rxd8 27. c4 Rd2 28. b4 Bd4 29. Rh3 Rb2+ 30. Kc1 Ra2 31.
Rd3 $18) 5. Nf3 Bxc3 6. dxc3 Nxe4 7. Bd3 Nf6 8. Qe2+ Qe7 9. Qxe7+ Kxe7 10. O-O
d6 11. Re1+ Be6 12. Nd4 Nc6 13. Nxc6+ bxc6 14. c4 Rhe8 15. b3 Kf8 16. Bd2 c5
17. f3 Rac8 18. Bc3 Re7 19. Kf2 Rce8 20. Rac1 h6 21. Ba5 Bc8 22. Rxe7 Rxe7 23.
Re1 Rxe1 24. Kxe1 Ne8 25. g4 Ke7 26. Kf2 Bb7 27. Kg3 g5 28. f4 Nf6 29. fxg5
hxg5 30. Bxc7 Ne4+ 31. Kg2 Nf6+ 32. Kf2 Nxg4+ 33. Kg3 {[%eval 90,48]}) 3... d6
4. Bc4 Nc6 (4... Be6 5. Bxe6 fxe6 6. Nf3 Nc6 7. O-O Ng4 8. Ng5 Be7 9. Nxe6 Rg8
10. Qxg4 Qd7 11. Nxg7+ Kd8 12. Ne6+ Kc8 13. Qxg8+ Nd8 14. Nxd8 Qxd8 15. Qxh7
exf4 16. Rxf4 d5 17. Nxd5 Bc5+ 18. d4 Bxd4+ 19. Be3 {Simon,L (2210)-Takacs,R
Ajka 1993 1-0}) 5. h3 $5 Na5 $146 (5... exf4 6. d4 g5 7. Nf3 h6 8. a3 Bg7 9.
Qd3 O-O 10. Bd2 Re8 11. O-O-O Nxe4 12. Nxe4 d5 13. Nexg5 hxg5 14. Bb5 Qf6 15.
g4 Re4 16. c3 Qg6 17. Rdg1 a6 18. Ba4 Bd7 19. Bc2 Rae8 20. h4 {Deus Filho,J 
(1894)-Rodrigues,L (2178) Baeta Neves 2015 1/2-1/2 (39)}) (5... a6 6. Nf3 exf4
7. d4 Be7 8. Bxf4 O-O 9. O-O Nd7 10. Qd2 Nb6 11. Bb3 Na5 12. Rad1 Nxb3 13. axb3
Bd7 14. d5 Re8 15. Be3 Nc8 16. Bd4 Bf8 17. Qf4 Ne7 18. Nh4 f6 19. g4 Ng6 20.
Nxg6 {Van Praet,R (1915)-Vanhuyse,N (1701) Houffalize 2009 1-0 (37)}) (5... Be6
6. Bxe6 fxe6 7. fxe5 Nxe5 8. Nf3 Nfd7 9. O-O Be7 10. d4 Nf7 11. Qe2 O-O 12. Bd2
c6 13. Rae1 e5 14. d5 c5 15. Nd1 Ng5 16. Nxg5 Rxf1+ 17. Rxf1 Bxg5 18. Bxg5 Qxg5
19. Qb5 Nb6 20. Qd3 {Pearson,W-MacDonald,G Scotland 1994 1-0}) (5... Nxe4 $5 6.
Bxf7+ Kxf7 7. Nxe4 {Stockfish 8:1)} Qh4+ ({Stockfish 8:2)} 7... d5 8. Ng5+ Kg8
9. d3 Bd6 10. fxe5 Nxe5 11. d4 Nf7 12. Nxf7 Qh4+ 13. Kf1 Qf6+ 14. Nf3 Kxf7 15.
Bg5 Qf5 16. g4 Qg6 17. Qd3 Qxd3+ 18. cxd3 h5 19. gxh5 Bf5 20. Ke2 Rae8+ 21.
Ne5+ Bxe5 22. dxe5 Rxe5+ 23. Kd2 Bxd3 24. h4 Be2 25. h6 Rhe8 26. hxg7 Re4 27.
Rag1 Kxg7 28. Kc1 c5 29. h5 {[%eval -95,29]}) ({Stockfish 8:3)} 7... Bf5 8. d3
Bxe4 9. dxe4 Qh4+ 10. Kf1 exf4 11. Qd5+ Ke8 12. Bd2 Qf6 13. Bc3 Qg6 14. h4 h5
15. b4 Be7 16. Nf3 Bf6 17. e5 dxe5 18. Bxe5 Rd8 19. Qe6+ Ne7 20. Re1 Qf7 21.
Qxf7+ Kxf7 22. Bxf4 Nd5 23. Bd2 Nc3 24. Bxc3 Bxc3 25. Ng5+ Kg6 26. Re6+ Kf5 {
[%eval -33,29]}) 8. Nf2 (8. g3 Qe7 $17 {Stockfish 8:} 9. c4 exf4 10. d3 fxg3
11. Bg5 Qe8 12. Qf3+ Kg8 13. Ne2 Ne5 14. Qxg3 Bf5 15. O-O Bxe4 16. dxe4 h6 $17)
8... exf4 9. d3 Bf5 10. Nf3 Re8+ 11. Kf1 Qg3 $17) 6. Be2 (6. Bb3 Nxb3 7. axb3
d5 $11) 6... Nc6 (6... Be7 7. d3 $11) 7. Nf3 (7. Bb5 Be7 $11) 7... Bd7 (7...
Nh5 $5 $15) 8. O-O $14 (8. d4 $5 {Stockfish 8:1)} exd4 ({Stockfish 8:2)} 8...
Nh5 9. fxe5 Ng3 10. Rg1 Nxe2 11. Qxe2 dxe5 12. dxe5 Bb4 13. Qd3 Qe7 14. a3
Bxc3+ 15. Qxc3 h6 16. Bf4 O-O-O 17. O-O-O b6 18. Bg3 Kb7 19. Rd3 Be6 20. Kb1
Rd7 21. Rgd1 Rg8 22. Be1 Rgd8 23. Bf2 Qe8 24. b4 a6 25. R1d2 Qe7 26. Bh4 g5 27.
Bf2 Rg8 28. Be3 Re8 29. Rxd7 Bxd7 30. Rd3 Be6 31. Qd2 g4 32. hxg4 {[%eval 51,
40]}) ({Stockfish 8:3)} 8... Nxd4 9. Nxd4 exd4 10. Qxd4 Bc6 11. Be3 g6 12.
O-O-O Bg7 13. e5 Nd7 14. Bf3 Bxf3 15. gxf3 O-O 16. h4 Nb6 17. Qe4 Qe8 18. h5
Qc6 19. h6 Bh8 20. Bd4 Nc4 21. Qxc6 bxc6 22. Rhe1 Rfe8 23. Re4 d5 24. Re2 f6
25. b3 fxe5 26. fxe5 c5 27. bxc4 cxd4 28. Nxd5 Rxe5 29. Rxe5 Bxe5 30. f4 Bd6
31. Rxd4 Kh8 32. Rd1 {[%eval 89,40]}) 9. Nxd4 g6 10. Be3 Bg7 11. Qd2 O-O 12.
O-O-O Re8 13. Bf3 Na5 (13... Nxd4 14. Bxd4 Bc6 15. Rhe1 Nd7 16. Bxg7 Kxg7 17.
g4 Qh4 18. Qg2 Rad8 19. Ne2 Nc5 20. Nd4 Bd7 21. Qd2 b6 22. Bg2 Ne6 23. Rf1 Nxd4
24. Qxd4+ Qf6 25. Qd2 h6 26. Kb1 Bc6 27. Rde1 Ba8 28. Qf2 Re7 29. h4 Rde8 30.
g5 Qe6 31. gxh6+ Kxh6 32. h5 Qc4 33. Qh4 Kg7 34. hxg6 fxg6 35. f5 Rxe4 36. f6+
Kf7 37. Qh7+ Ke6 38. f7 Rf8 39. Qxg6+ {1-0 (39) Lapicki,R (2304)-Jolodovsky,A 
(2066) Buenos Aires 2002}) 14. Qd3 a6 15. Kb1 c5 16. Nb3 Bc6 17. Qxd6 Qxd6 18.
Rxd6 Nxb3 19. Rxc6 bxc6 20. axb3 Nxe4 21. Nxe4 f5 22. Nf6+ Bxf6 23. Bxc6 Rxe3
24. Bxa8 Bh4 25. Bb7 a5 26. Rd1 Re1 27. Rxe1 Bxe1 28. c3 Bg3 29. Kc2 Bxf4 30.
Kd3 Kg7 31. Kc4 Kf6 32. Kxc5 {[%eval 37,41]}) 8... Nd4 9. fxe5 (9. Bc4 b5 10.
Bb3 Nxb3 11. axb3 exf4 $14) 9... Nxf3+ 10. Rxf3 dxe5 11. d3 (11. d4 exd4 12.
Qxd4 Be6 $11) 11... Bc6 (11... Bc5+ 12. Kh1 $11) 12. Qe1 Qd6 (12... Bc5+ 13.
Kh1 $11) 13. Rb1 (13. Qg3 O-O-O $14) 13... Be7 $11 {[#]} 14. Be3 (14. Rf1 O-O
$11) 14... h6 (14... O-O 15. Rf1 $11) 15. Qf2 (15. Rf5 Bd7 16. Rf1 O-O $14)
15... b6 (15... O-O 16. a4 $11) 16. Rf1 (16. a4 O-O $14) 16... O-O-O (16... O-O
17. Nb1 $11) 17. Rg3 (17. Nb1 Bd7 $14) 17... Rdg8 (17... Rhg8 18. Nb1 $11) 18.
Rd1 (18. Nb1 Kb8 $14) 18... Qb4 {[#]} (18... Kb8 $11) 19. Qf5+ $4 (19. d4 $142
$5 Qxb2 {Stockfish 8:1)} 20. Bc1 ({Stockfish 8:2)} 20. dxe5 $6 Qxc3 21. Bd4 Qa5
22. exf6 Bxf6 23. e5 Bh4 24. Qf5+ Kb8 25. Rc3 Bd5 26. Qd7 Rc8 $11) 20... Qb4 $8
21. Nd5 $1 $16 Bxd5 $8 22. exd5 Re8 23. Ba3 $1 (23. Rb3 Qd6 24. Ba6+ Kd8 25.
dxe5 Qxe5 26. Bf4 Bc5 27. Qxc5 Qxf4 28. Qc6 Ke7 $8 29. Rc3 Kf8 30. Qxc7 Nxd5
31. Qxf4 Nxf4 32. Rd7 $16) {Stockfish 8:} 23... Qa4 24. d6 $1 cxd6 25. Qf1 $18
{Stockfish 8:} Kb8 26. Bb5 Qa5 27. dxe5 dxe5 28. Bxe8 Bxa3 29. Rxg7 Be7 30.
Bxf7 $18) 19... Bd7 $17 20. Qf3 (20. Qf1 Qxb2 21. Qe1 Bb4 $17) 20... Qxb2 21.
d4 $4 (21. Nd5 Nxd5 22. exd5 $17) 21... Qxc3 $19 22. Ba6+ (22. Bd3 Kb8 23. Qf2
Bd6 $19) 22... Kd8 (22... Kb8 23. dxe5 Qxe5 24. Bd4 Qxe4 25. Bxf6 Qxf3 26. Rxf3
Bc5+ 27. Bd4 Bxd4+ 28. Rxd4 Be6 $19) 23. dxe5 (23. Kh1 Ke8 24. dxe5 Qxe5 $19)
23... Qxe5 24. Bf4 (24. Bd4 Bc5 25. Bxc5 Qxc5+ 26. Kh1 Ke7 $19) 24... Qxe4 25.
Qf1 (25. Kh1 Qxf3 26. Rxf3 Bc5 $19) 25... Bd6 (25... g5 26. Bc1 Qe5 27. Rb3
Bc5+ $19) 26. Bxd6 cxd6 27. Rgd3 (27. Rxd6 Kc7 28. Rdd3 Kb8 $19) 27... d5 (
27... Qf5 28. Rxd6 Qxf1+ 29. Rxf1 $19) 28. c4 $5 Re8 (28... dxc4 29. Rd4 $13 {
Stockfish 8:} Qe5 30. Kh1 Rf8 31. Qxc4 Re8 32. Bb5 Qc7 33. Rxd7+ Nxd7 34. Rxd7+
Qxd7 35. Bxd7 Kxd7 36. Qd4+ Ke6 37. Qxg7 h5 38. Qd4 Rhg8 39. Qe4+ Kf6 40. Qf3+
Kg6 41. Qd3+ Kh6 $11) 29. cxd5 Re5 30. Rd4 (30. Rf3 Rxd5 31. Rxd5 Nxd5 32. Rxf7
Re8 $19) 30... Qe3+ 31. Kh1 (31. Kh2 Ng4+ $1 32. Rxg4 Bxg4 $19) 31... Rhe8 (
31... Ne4 32. Rxe4 Rxe4 33. Qxf7 Rd4 34. Rxd4 Qxd4 $19) 32. Qc4 {[#] Nun hab
ich in meiner heruntergewirtschafteten Stellung lediglich einen kleinenTrick -
und mein Gegner fällt zielgenau drauf rein (SCHACH ALS GLÜCKSSPIEL) !} (32.
Qg1 $19) 32... Re4 $4 (32... Bxh3 $1 $40 33. Rc1 Bxg2+ 34. Kxg2 Rg5+ 35. Rg4
Rxg4+ 36. Qxg4 Nxg4 37. Rc8+ Ke7 38. Rc2 Kf6 39. a3 Qf4 40. Rc6+ Kg5 41. Rg6+
fxg6 42. Bf1 Qh2+ 43. Kf3 Qf2#) 33. d6 $18 Nd5 34. Qxd5 (34. Qxd5 Bxh3 35. Qa8+
Kd7 36. Bb5+ Ke6 37. Rxe4+ Kf6 38. Rf1+ Kg5 39. Qd5+ f5 40. Rxe3 Rxe3 41. d7
Kg6 42. d8=Q h5 43. Be8+ Kh6 44. Q8d6+ Re6 45. Q6xe6+ Kh7 46. Qg6+ Kh8 47.
Qxh5#) 1-0

[Event "45. Sparkassen Chess-Meeting"]
[Site "Dortmund"]
[Date "2017.07.16"]
[Round "2"]
[White "Bluebaum, Matthias"]
[Black "Fedoseev, Vladimir"]
[Result "1-0"]
[WhiteElo "2642"]
[BlackElo "2726"]
[Annotator "Matthias Krallmann"]
[PlyCount "63"]
[EventDate "2017.??.??"]

1. d4 d5 2. c4 c6 3. Nf3 Nf6 4. Nc3 e6 5. e3 Nbd7 6. Qc2 Bd6 7. Bd3 O-O 8. O-O
dxc4 9. Bxc4 e5 10. h3 Qe7 11. Bb3 {[#]} Nb6 $6 (11... h6 12. Nh4) (11... Bc7 {
houdini 5 Pro} 12. Bd2 h6 (12... Kh8 13. a3 a5 14. Rad1 h6 15. Nh4 Nb6 16. dxe5
Qxe5 17. f4 Qh5 18. Be1 Qc5 19. Bf2 Qe7 20. e4 Be6 21. Bxe6 Qxe6 22. e5 Nfd5
23. Ne2 Rad8 24. Nd4 Qc8 25. Qe4 Rfe8 26. Nhf5 Rd7 27. Qf3 Ne7 28. Qg4 Nxf5 29.
Nxf5 Rg8 30. Qh5 Kh7 31. Bxb6 Bxb6+ 32. Kh2 Rgd8 33. Rd6 f6 34. Rxf6 gxf6 35.
Qxh6+ Kg8 36. e6 Rh7 37. Qg6+ {1-0 (37) Gonda,L (2535)-Bluebaum,M (2510)
Germany 2013}) 13. Nh4) (11... b6 12. Rd1 Bb7 13. e4 Rad8 14. Bg5 Bb8 15. dxe5
Nxe5 16. Nd4 h6 17. Be3 Ng6 18. Nf5 Qc7 19. e5 Qxe5 20. Nxh6+ Kh7 21. Rxd8 Qh2+
22. Kf1 Ba6+ 23. Rd3 Ne5 24. Rad1 Rd8 25. Nxf7 Rxd3 26. Nxe5 Ne4 27. Nxd3 Qh1+
28. Ke2 Ng3+ 29. Kf3 {1-0 (29) Lenderman,A (2621)-Li,R (2535) Dayton 2016}) 12.
dxe5 Bxe5 13. Nxe5 Qxe5 14. e4 Re8 15. Re1 Nbd5 16. Bd2 Nf4 17. Bxf4 Qxf4 18.
Rad1 Nd7 19. Re3 Qg5 20. f4 Qe7 21. Qf2 Nb6 $6 (21... Nf8 22. e5 Bf5 23. g4 Be6
24. Ne4 $16) 22. f5 a5 $6 (22... Qe5 23. Red3 h6 24. Rd8 $16) 23. e5 a4 24. f6
Qb4 {[#]} 25. a3 (25. Bxf7+ Kxf7 26. fxg7+ Kg8 27. Rf1 Be6 28. Rg3 $18) 25...
Qf8 (25... Qxb3 26. Qg3 g6 27. Qg5 $18) 26. fxg7 Qe7 27. Ne4 {[#]} axb3 28.
Nf6+ Kxg7 29. Nxe8+ Kh8 30. Nc7 Rb8 31. Rf3 Qxc7 32. Rxf7 1-0

[Event "45. Sparkassen Chess-Meeting"]
[Site "Dortmund"]
[Date "2017.07.15"]
[Round "1"]
[White "Kramnik, Vladimir"]
[Black "Fedoseev, Vladimir"]
[Result "0-1"]
[WhiteElo "2812"]
[BlackElo "2726"]
[Annotator "Matthias Krallmann"]
[PlyCount "58"]
[EventDate "2017.??.??"]

1. e4 c6 2. d4 d5 3. exd5 cxd5 4. Bd3 Nc6 5. c3 Qc7 6. Na3 a6 7. Nc2 Nf6 8. h3
e6 (8... e5 9. dxe5 Nxe5 10. Nf3 Bd6 11. Nxe5 Bxe5 12. O-O O-O 13. Qf3 Re8 14.
Re1 Bh2+ 15. Kh1 Rxe1+ 16. Nxe1 Be5 17. Be3 Bd7 18. Nc2 Re8 19. Bd4 Bxd4 20.
Nxd4 Qb6 21. Rb1 Ne4 22. Bxe4 dxe4 23. Qf4 h6 24. Kg1 e3 25. fxe3 Bxh3 26. Rf1
Qg6 27. Qf3 Bc8 28. Qd5 b5 29. e4 Qxe4 30. Qxf7+ Kh7 31. Qf3 Qg6 32. a3 Re5 33.
Qc6 Qxc6 34. Nxc6 Rg5 35. Rf2 h5 36. Rd2 Bb7 37. Nd4 Bd5 38. Nc2 Bb7 39. Ne3
Re5 40. Kf2 Re6 41. c4 bxc4 42. Nxc4 Rf6+ 43. Kg1 Kh6 44. b4 g5 45. a4 h4 46.
b5 axb5 47. axb5 Kh5 48. Nd6 Ba8 49. b6 Kg4 50. Kh2 Re6 51. b7 Bxb7 52. Nxb7
Re3 53. Nd6 Ra3 54. Rd4+ Kh5 55. Rd5 Kg6 56. Ne4 {1-0 (56) Carlsen,M (2857)
-Grischuk,A (2754) chess.com INT 2016}) 9. Nf3 b5 10. O-O Bb7 11. Re1 Bd6 12.
Bg5 (12. a4 bxa4 13. Rxa4 O-O 14. Qe2 Rfe8 (14... Ne7 15. Bxa6) 15. Be3 Qd7 16.
Rea1 $14) 12... Ne4 13. a4 bxa4 14. c4 (14. Rxa4 O-O 15. Bc1 f5 $11) 14... Nxg5
15. Nxg5 dxc4 16. Bxc4 Nd8 17. Ne3 Bf4 {[#]} 18. Qh5 $4 (18. Qxa4+ Qc6 19. h4
h6 20. Nh3 Qxa4 21. Rxa4 Bc7 $11) 18... Bxe3 19. Rxe3 Qxc4 20. Rxe6+ Kf8 21.
Re5 h6 22. Rae1 (22. Ne4 Bxe4 23. Rxe4 Ne6 $19) 22... g6 23. Qh4 Kg7 24. Nxf7 (
24. Ne4 Bxe4 25. R1xe4 Qc1+ 26. Re1 Qxb2 $19) 24... Nxf7 25. Re6 g5 26. Qh5
Rhe8 27. Qg6+ Kf8 28. f3 Qxd4+ 29. Kh1 Rac8 0-1

[Event "Metz 2017"]
[Site "?"]
[Date "2017.07.28"]
[Round "?"]
[White "Steffens, Olaf"]
[Black "Bethke, Richard"]
[Result "1-0"]
[WhiteElo "2222"]
[BlackElo "2075"]
[Annotator "Olaf Steffens"]
[PlyCount "57"]
[EventDate "2017.??.??"]

1. g4 {Ich hörte von einem anderen Spieler, der junge Richard meinte später
"Ich hatte mich auf b4 vorbereitet, aber dann kam 1.g4". So kann das gehen ...}
d5 2. h3 h5 3. g5 e5 4. Bg2 $6 Qxg5 {streng (und strong)} 5. Bxd5 c6 6. Nf3 Qg2
$2 {[#] Df6 und Dd8 sind auch ganz ok, aber am besten ist wohl De7. - Nach dem
Textzug geht sofort Tg1, was ich auch geplant hatte. Wegen Dxh3 und Lxf7 muss
Schwarz wohl die Dame geben auf g1 doch erhält er dann mit cxd5 eine schöne
Mitte. Zum Glück dachte ich nun noch einmal nach und ..} 7. Bxf7+ $1 Kxf7 (7...
Ke7 8. Rh2 {und die Dame kann jetzt nicht mehr nach ... g6!}) 8. Rg1 Bxh3 {
Nach Dxg1 deckt der Springer den Bauern h3} 9. Rxg2 Bxg2 10. Nxe5+ Ke8 {
[#] Alles gut! Nach 11.d4 kam ich gut ins Spiel, doch sein Freibauer kam bald
nach h3 und machte mir noch Sorgen, Am Ende aber 1:0! Am Abend meinte Roland
Kleinschroth (Hannover), dass alle Figuren von a1 - e1 incl König und alle
Bauern von a - e die ersten 10 Züge gar nicht gezogen hatten! Er meinte, das
gibt es wohl nicht so oft :-)} 11. d4 h4 12. Qd3 Ne7 13. Bf4 (13. Qb3 h3 14.
Bf4 b6 15. Qf7+ Kd8 16. Nc3 h2 $2 17. Bxh2 Rxh2 18. Qxf8+) 13... g5 14. Bh2 Nd7
15. Nc4 {guckt auf das Feld d6} (15. Nxd7 {schlägt Stockfish vor - raffiniert}
Kxd7 16. d5 cxd5 17. Qd4) 15... Nf6 {Guckt seinerseits auf das Feld g4 - kommt
der Bauer h4 doch noch weiter? Ich wurde jedenfalls hier etwas nervös.} 16. Nc3
g4 (16... Ng4 17. Be5 Rh6 18. Nd6+ {soll ok sein für Weiß}) 17. Nd6+ Kd7 18. d5
{Am besten immer mit der Initiative spielen ..., und vielleicht geht ja doch
was mit dem schwarzen König?!} cxd5 19. Nxb7 Bh6 20. Qa6 Ne4 21. Nxe4 (21. Nxd5
Bd2+ 22. Kd1 {geht wohl auch, aber meine Zeit war schon etwas knapp! (12
Minuten plus Inkrement für den Rest der Partie)}) 21... dxe4 22. Rd1+ {Nun
soll doch alles gut werden?} Ke8 23. Qf6 g3 {Richard gibt nicht auf - das ist
ehrenvoll.} 24. Qxh8+ Kf7 25. Qh7+ (25. Qxh6 {ist plus 23,5 bei Stockfish -
hätte ich das geahnt!} gxh2 26. Nd6+ Kg8 27. Qg5+) 25... Bg7 26. Nd6+ Kf8 27.
fxg3 e3 28. gxh4 Bxb2 29. Be5 1-0